000 01122nam a2200325 a 4500
001 dia_5356
003 CHAP
005 20241015115633.0
007 ta
008 220117s1982 mx f 001 0 spa d
040 _cCHAP
_amxchpua
090 _aT.C.10
_bR36
_c1982
245 1 0 _aVisita al Centro Nacional de Investigaciones Azucareras /
_ccoordinador Luis Felipe Ramayo Ramírez ; colaboradores Elpidio García Galdamés...[et al.]
260 _aMéxico :
_bEl autor,
_c1982
300 _a8 hojas
336 _2rdacontent
_atexto
_btxt
337 _2rdamedia
_asin medio
_bn
338 _2rdacarrier
_avolumen
_bnc
502 _aViaje de estudios
_cUACh. Departamento de Ingeniería Agroindustrial,
_d1982
650 1 3 _aIndustria azucarera
_957780
_zMéxico
650 1 3 _aSugar industry
_9151278
_zMexico
700 1 _aRamayo Ramírez, Luis Felipe
_ecoordinador
_993821
700 1 _aGarcía Galdamés, Elpidio
_9159675
_ecolaborador
901 _aT.C.10 R36 1982
902 _aM
905 _a5232271982 mx i 8223223322spa16
942 _2local
942 _cVE
999 _c176880
_d176880